Sostenibilidad y medio ambiente : (Registro nro. 8181)
[ vista simple ]
| 000 -LEADER | |
|---|---|
| fixed length control field | 01907nam a2200301Ia 4500 |
| 003 - CONTROL NUMBER IDENTIFIER | |
| control field | OSt |
| 005 - DATE AND TIME OF LATEST TRANSACTION | |
| control field | 20210605170920.0 |
| 008 - FIXED-LENGTH DATA ELEMENTS--GENERAL INFORMATION | |
| fixed length control field | 210310s1998 ck ad gr 000 0 spa d |
| 020 ## - INTERNATIONAL STANDARD BOOK NUMBER | |
| International Standard Book Number | 9586018024 |
| Qualifying information | Obra completa |
| 020 ## - INTERNATIONAL STANDARD BOOK NUMBER | |
| International Standard Book Number | 9586018067 |
| Qualifying information | V.4 |
| 040 ## - CATALOGING SOURCE | |
| Original cataloging agency | CO-JMCR |
| Transcribing agency | CO-JMCR |
| 041 0# - LANGUAGE CODE | |
| Language code of text/sound track or separate title | spa |
| 082 04 - DEWEY DECIMAL CLASSIFICATION NUMBER | |
| Classification number | 333.72 / |
| Item number | V712s |
| Edition number | 23 |
| 100 1# - MAIN ENTRY--PERSONAL NAME | |
| Personal name | Villa L., Antonio, |
| 9 (RLIN) | 16554 |
| Relator term | autor |
| 245 10 - TITLE STATEMENT | |
| Title | Sostenibilidad y medio ambiente : |
| Remainder of title | políticas, estrategias y caminos de acción / |
| Statement of responsibility, etc. | Antonio Villa L. |
| 250 ## - EDITION STATEMENT | |
| Edition statement | Primera edición |
| 260 ## - PUBLICATION, DISTRIBUTION, ETC. | |
| Place of publication, distribution, etc. | Bogotá : |
| Name of publisher, distributor, etc. | TRM Editores : IICA, |
| Date of publication, distribution, etc. | 1998 |
| 300 ## - PHYSICAL DESCRIPTION | |
| Extent | 95 páginas : |
| Other physical details | ilustraciones y gráficas a blanco y negro ; |
| Dimensions | 23 cm. |
| 490 0# - SERIES STATEMENT | |
| Series statement | Misión rural ; |
| Volume/sequential designation | v. 4 |
| 500 ## - GENERAL NOTE | |
| General note | Incluye notas a pie de página. |
| 504 ## - BIBLIOGRAPHY, ETC. NOTE | |
| Bibliography, etc. note | Bibliografía: páginas [93]-95 |
| 505 0# - FORMATTED CONTENTS NOTE | |
| Formatted contents note | Presentación -- Introducción -- Consideraciones sobre medio ambiente y sobre recursos naturales -- Propuestas |
| 520 3# - SUMMARY, ETC. | |
| Summary, etc. | ...La discusión importante no es sobre si hay daño ambiental o no, sino más bien sobre cómo sacar partido de las situaciones actuales para remediar y prevenir daños ambientales y pérdidas de recursos, buscando alcanzar situaciones de desarrollo deseables, equitativas y seguras. A la luz de las hipótesis planteadas, este trabajo contempla facetas ambientales, económicas, políticas y sociales con el ánimo de explorar opciones viables para la sociedad colombiana. Con respecto al medio ambiente y a los recursos naturales, se trata de presentar las potencialidades de la oferta ambiental de modo que, al mostrar algunos problemas, se vean las opciones económicas, sociales y ambientales que todos estamos desaprovechando. |
| 650 14 - SUBJECT ADDED ENTRY--TOPICAL TERM | |
| Topical term or geographic name entry element | Protección del medio ambiente |
| 9 (RLIN) | 16556 |
| Geographic subdivision | Colombia |
| 650 24 - SUBJECT ADDED ENTRY--TOPICAL TERM | |
| Topical term or geographic name entry element | Desarrollo sostenible |
| General subdivision | Aspectos ambientales |
| Geographic subdivision | Colombia |
| 9 (RLIN) | 38164 |
| 650 24 - SUBJECT ADDED ENTRY--TOPICAL TERM | |
| Topical term or geographic name entry element | Medio ambiente |
| General subdivision | Aspectos económicos |
| Geographic subdivision | Colombia |
| 9 (RLIN) | 38165 |
| 942 ## - ADDED ENTRY ELEMENTS (KOHA) | |
| Source of classification or shelving scheme | Dewey Decimal Classification |
| Koha item type | Books |
| Withdrawn status | Lost status | Source of classification or shelving scheme | Damaged status | Not for loan | Collection code | Home library | Current library | Date acquired | Source of acquisition | Full call number | Barcode | Date last seen | Copy number | Koha item type |
|---|---|---|---|---|---|---|---|---|---|---|---|---|---|---|
| Dewey Decimal Classification | Non-fiction | Biblioteca Pública José María del Castillo y Rada | Biblioteca Pública José María del Castillo y Rada | 04/15/2018 | Donación | 333.72 / V712s | 430003609 | 05/16/2024 | Ej.1 | Books |